Caricamento...
Ente Katha/
| Autore principale: | |
|---|---|
| Natura: | Printed Book |
| Lingua: | English |
| Pubblicazione: |
Kottayam:
D. C. Books,
c1979.
|
| Soggetti: |
| LEADER | 00485 a2200145 4500 | ||
|---|---|---|---|
| 008 | 150103s9999 000 0 eng | ||
| 082 | |a 928 | ||
| 100 | |a Madhavikkutty | ||
| 245 | |a Ente Katha/ | ||
| 260 | |a Kottayam: |b D. C. Books, |c c1979. | ||
| 300 | |a 171 p. | ||
| 650 | |a Autobiography | ||
| 942 | |c BK | ||
| 999 | |c 305500 |d 305500 | ||
| 952 | |0 0 |1 0 |2 ddc |4 0 |6 M_928_000000000000000_MAD_EN |7 0 |9 350389 |a DRA |b DRA |c ST1 |d 2011-11-19 |g 11.00 |i 1641 |l 4 |o M 928 MAD/EN |p DRA1641 |r 2019-05-10 |s 2019-05-06 |w 2011-11-19 |y BK | ||